AH International Schools' Libraries

Colours : (Record no. 48444)

MARC details
000 -LEADER
fixed length control field 00336nam a2200109 4500
020 ## - INTERNATIONAL STANDARD BOOK NUMBER
International Standard Book Number 9780956255853
100 ## - MAIN ENTRY--PERSONAL NAME
Personal name PatrickGeorge,
Relator term publisher.
9 (RLIN) 86071
245 ## - TITLE STATEMENT
Title Colours :
Remainder of title Just flip the see through pages /
Statement of responsibility, etc by PatrickGeorge.
260 ## - PUBLICATION, DISTRIBUTION, ETC. (IMPRINT)
Place of publication, distribution, etc UK :
Name of publisher, distributor, etc PatrickGeorge,
Date of publication, distribution, etc 2011.
300 ## - PHYSICAL DESCRIPTION
Extent 52 pages.
Dimensions 8.9 x 0.39 x 8.07 inches.
942 ## - ADDED ENTRY ELEMENTS (KOHA)
Source of classification or shelving scheme
Koha item type Board Book
Holdings
Withdrawn status Lost status Source of classification or shelving scheme Damaged status Not for loan Home library Current library Date acquired Total Checkouts Full call number Barcode Checked out Date last seen Date checked out Price effective from Koha item type
          Logos International School Logos International School 02/12/2025 3 E PAT 040383 04/29/2026 04/09/2026 04/09/2026 02/12/2025 Book

For any Logos Library related questions please contact Miss Art at swongnarasuk@asianhope.org.

For any Asian Hope Library related questions please contact Miss Raza at graza@asianhope.org.

Powered by Koha